Ville d'Asie de + d'1 million d'habitants - Statistiques

Statistiques générales
  • Ce quiz a été pris 22 fois
  • Le résultat moyen est 89 sur 316
Statistiques - réponses
Group Hint 1 Hint 2 Réponse % Correct
Viêt Nam #69 4 025 000 Hanoï
100%
Turquie #15 16 200 000 Istanbul
100%
Indonésie #4 32 100 000 Jakarta
100%
Israël #312 1 010 000 Jérusalem
100%
Inde #7 25 600 000 Mumbai
100%
Mongolie #211 1 430 000 Oulan-Bator
100%
Chine #10 20 000 000 Pékin
100%
Arabie saoudite #31 8 400 000 Riyad
100%
Corée du Sud #8 25 000 000 Séoul
100%
Chine #3 34 100 000 Shanghai
100%
Iran #16 15 500 000 Téhéran
100%
Japon #2 40 500 000 Tokyo
100%
Jordanie #46 5 700 000 Amman
94%
Turquie #49 5 150 000 Ankara
94%
Irak #37 7 150 000 Bagdad
94%
Liban #159 1 790 000 Beyrouth
94%
Bangladesh #9 20 300 000 Dacca
94%
Syrie #71 3 900 000 Damas
94%
Inde #5 31 300 000 Delhi
94%
Afghanistan #61 4 475 000 Kaboul
94%
Malaisie #27 9 150 000 Kuala Lumpur
94%
Kazakhstan #256 1 180 000 Noursoultan
94%
Japon #13 17 700 000 Osaka
94%
Yémen #93 2 900 000 Sanaa
94%
Israël #100 2 725 000 Tel Aviv
94%
Emirats Arabes Unis #184 1 580 000 Abou Dabi
89%
Azerbaïdjan #105 2 625 000 Bakou
89%
Thaïlande #11 19 400 000 Bangkok
89%
Inde #14 17 000 000 Calcutta
89%
Chine #1 47 600 000 Canton
89%
Emirats Arabes Unis #46 5 700 000 Dubaï
89%
Vietnam #21 10 600 000 Hô Chi Minh-Ville
89%
Népal #86 3 200 000 Katmandou
89%
Philippines #6 26 300 000 Manille
89%
Cambodge #106 2 575 000 Phnom Penh
89%
Corée du Nord #88 2 975 000 Pyongyang
89%
Singapour #34 7 900 000 Singapour
89%
Taïwan #27 9 150 000 Taipei
89%
Kirghizistan #275 1 120 000 Bichkek
83%
Qatar #117 2 300 000 Doha
83%
Chine #36 7 550 000 Hong Kong
83%
Koweït #60 4 500 000 Koweït
83%
Ouzbékistan #82 3 300 000 Tachkent
83%
Géorgie #224 1 360 000 Tbilissi
83%
Sri Lanka #56 4 825 000 Colombo
78%
Tadjikistan #304 1 030 000 Douchanbé
78%
Arménie #198 1 500 000 Erevan
78%
Pakistan #12 18 200 000 Karachi
78%
Chine #38 7 100 000 Xi'an
78%
Japon #153 1 880 000 Hiroshima
72%
Turquie #87 3 050 000 Izmir
72%
Arabie saoudite #123 2 200 000 La Mecque
72%
Oman #229 1 330 000 Mascate
72%
Chine #26 9 250 000 Wuhan
72%
Turkménistan #210 1 440 000 Achgabat
67%
Inde #19 12 700 000 Bangalore
67%
Inde #20 11 600 000 Chennai
67%
Inde #23 10 400 000 Hyderabad
67%
Pakistan #116 2 325 000 Hyderabad
67%
Bahreïn #187 1 570 000 Manama
67%
Japon #22 10 500 000 Nagoya
67%
Japon #109 2 500 000 Sapporo
67%
Inde #29 8 750 000 Ahmedabad
61%
Syrie #147 1 940 000 Alep
61%
Kazakhstan #124 2 175 000 Almaty
61%
Corée du Sud #66 4 075 000 Busan
61%
Territoires palestiniens #137 2 025 000 Gaza
61%
Pakistan #17 13 500 000 Lahore
61%
Arabie saoudite #183 1 590 000 Médine
56%
Chine #18 13 200 000 Tianjin
56%
Indonésie #40 7 050 000 Bandung
50%
Chine #25 10 000 000 Chengdu
50%
Inde #68 4 050 000 Jaipur
50%
Arabie saoudite #49 5 150 000 Jeddah
50%
Turquie #227 1 340 000 Antalya
44%
Bangladesh #55 5 000 000 Chittagong
44%
Chine #31 8 400 000 Chongqing
44%
Iran #84 3 250 000 Ispahan
44%
Irak #211 1 430 000 Mossoul
44%
Chine #42 6 700 000 Nankin
44%
Indonésie #44 6 150 000 Surabaya
44%
Chine #24 10 200 000 Xiamen
44%
Irak #189 1 560 000 Bassorah
39%
Japon #99 2 750 000 Fukuoka
39%
Inde #38 7 100 000 Pune
39%
Chine #63 4 175 000 Ürümqi
39%
Inde #114 2 350 000 Agra
33%
Turquie #131 2 125 000 Bursa
33%
Chine #65 4 100 000 Fuzhou
33%
Chine #30 8 600 000 Hangzhou
33%
Chine #49 5 150 000 Harbin
33%
Inde #194 1 520 000 Jodhpur
33%
Inde #72 3 800 000 Lucknow
33%
Chine #33 8 100 000 Shenyang
33%
Birmanie #45 5 750 000 Yangon
33%
Indonésie #184 1 580 000 Denpasar
28%
Pakistan #73 3 750 000 Faisalabad
28%
Chine #52 5 100 000 Hefei
28%
Birmanie #179 1 600 000 Mandalay
28%
Indonésie #66 4 075 000 Medan
28%
Inde #80 3 325 000 Nagpur
28%
Russie #167 1 700 000 Novossibirsk
28%
Russie #267 1 150 000 Omsk
28%
Chine #43 6 250 000 Qingdao
28%
Chine #35 7 750 000 Shantou
28%
Inde #41 6 900 000 Surate
28%
Chine #256 1 180 000 Suzhou
28%
Iran #154 1 850 000 Tabriz
28%
Chine #52 5 100 000 Zhengzhou
28%
Inde #111 2 425 000 Chandigarh
22%
Chine #54 5 050 000 Changsha
22%
Iran #157 1 800 000 Chiraz
22%
Corée du Sud #100 2 725 000 Daegu
22%
Chine #58 4 625 000 Dalian
22%
Russie #172 1 670 000 Iekaterinbourg
22%
Inde #83 3 275 000 Indore
22%
Iran #231 1 320 000 Qom
22%
Indonésie #118 2 275 000 Semarang
22%
Inde #143 1 970 000 Varanasi
22%
Turquie #162 1 750 000 Adana
17%
Inde #110 2 475 000 Bhopal
17%
Inde #96 2 775 000 Coimbatore
17%
Arabie saoudite #106 2 575 000 Dammam
17%
Philippines #179 1 600 000 Davao
17%
Irak #275 1 120 000 Erbil
17%
Turquie #167 1 700 000 Gaziantep
17%
Chine #152 1 900 000 Haikou
17%
Chine #59 4 600 000 Jinan
17%
Turquie #280 1 110 000 Kayseri
17%
Japon #140 2 000 000 Kitakyushu
17%
Turquie #229 1 330 000 Konya
17%
Russie #275 1 120 000 Krasnoïarsk
17%
Chine #62 4 325 000 Kunming
17%
Chine #92 2 925 000 Lanzhou
17%
Indonésie #150 1 920 000 Makassar
17%
Iran #84 3 250 000 Mechhed
17%
Turquie #312 1 010 000 Mersin
17%
Japon #252 1 210 000 Naha
17%
Japon #124 2 175 000 Okayama
17%
Pakistan #111 2 425 000 Peshawar
17%
Inde #146 1 950 000 Rajkot
17%
Japon #198 1 500 000 Sendai
17%
Inde #175 1 640 000 Srinagar
17%
Indonésie #173 1 650 000 Surakarta
17%
Russie #220 1 400 000 Tcheliabinsk
17%
Chine #48 5 400 000 Wenzhou
17%
Indonésie #143 1 970 000 Yogyakarta
17%
Iran #218 1 410 000 Ahvaz
11%
Inde #237 1 280 000 Aligarh
11%
Chine #119 2 250 000 Baotou
11%
Philippines #96 2 775 000 Cebu
11%
Chine #73 3 750 000 Changchun
11%
Chine #292 1 060 000 Changshu
11%
Corée du Sud #194 1 520 000 Daejeon
11%
Viêt Nam #252 1 210 000 Da Nang
11%
Chine #171 1 680 000 Datong
11%
Malaisie #124 2 175 000 George Town
11%
Chine #177 1 630 000 Guilin
11%
Chine #79 3 400 000 Guiyang
11%
Pakistan #94 2 875 000 Gujranwala
11%
Inde #211 1 430 000 Gwalior
11%
Japon #232 1 310 000 Hamamatsu
11%
Chine #150 1 920 000 Hohhot
11%
Inde #167 1 700 000 Jamshedpur
11%
Chine #191 1 550 000 Jilin
11%
Inde #78 3 500 000 Kanpur
11%
Bangladesh #248 1 220 000 Khulnâ
11%
Irak #297 1 050 000 Kirkouk
11%
Inde #156 1 820 000 Madurai
11%
Indonésie #161 1 760 000 Malang
11%
Inde #160 1 780 000 Meerut
11%
Pakistan #128 2 150 000 Multan
11%
Inde #242 1 250 000 Mysore
11%
Chine #76 3 575 000 Nanning
11%
Chine #80 3 325 000 Ningbo
11%
Inde #100 2 725 000 Patna
11%
Pakistan #256 1 180 000 Quetta
11%
Pakistan #77 3 550 000 Rawalpindi
11%
Chine #239 1 270 000 Rizhao
11%
Inde #271 1 140 000 Salem
11%
Taïwan #111 2 425 000 Taichung
11%
Taïwan #232 1 310 000 Tainan
11%
Chine #63 4 175 000 Taiyuan
11%
Chine #114 2 350 000 Taizhou
11%
Corée du Sud #282 1 100 000 Ulsan
11%
Inde #119 2 250 000 Vadodara
11%
Chine #198 1 500 000 Xining
11%
Chine #75 3 600 000 Zibo
11%
Inde #211 1 430 000 Amritsar
6%
Philippines #194 1 520 000 Angeles
6%
Chine #103 2 650 000 Anshan
6%
Chine #162 1 750 000 Anyang
6%
Inde #175 1 640 000 Asansol
6%
Inde #154 1 850 000 Aurangabad
6%
Indonésie #248 1 220 000 Bandar Lampung
6%
Chine #128 2 150 000 Baoding
6%
Chine #245 1 240 000 Baoji
6%
Indonésie #208 1 450 000 Batam
6%
Chine #179 1 600 000 Bengbu
6%
Chine #280 1 110 000 Benxi
6%
Inde #147 1 940 000 Bhubaneshwar
6%
Chine #275 1 120 000 Cangnan
6%
Corée du Sud #304 1 030 000 Changwon
6%
Chine #267 1 150 000 Chifeng
6%
Kazakhstan #290 1 070 000 Chimkent
6%
Thaïlande #220 1 400 000 Chonburi
6%
Indonésie #273 1 130 000 Cirebon
6%
Chine #137 2 025 000 Cixi
6%
Inde #178 1 610 000 Cochin
6%
Chine #173 1 650 000 Daqing
6%
Inde #220 1 400 000 Dhanbad
6%
Turquie #292 1 060 000 Diyarbakır
6%
Chine #189 1 560 000 Ganzhou
6%
Inde #264 1 160 000 Guwahati
6%
Corée du Sud #179 1 600 000 Gwangju
6%
Chine #165 1 730 000 Handan
6%
Chine #301 1 040 000 Hechuan
6%
Chine #137 2 025 000 Huai'an
6%
Chine #187 1 570 000 Huaibei
6%
Chine #143 1 970 000 Huainan
6%
Chine #94 2 875 000 Huizhou
6%
Inde #197 1 510 000 Jabalpur
6%
Inde #271 1 140 000 Jalandhar
6%
Chine #108 2 525 000 Jiangyin
6%
Chine #304 1 030 000 Jiaxing
6%
Chine #242 1 250 000 Jingzhou
6%
Chine #239 1 270 000 Jining
6%
Chine #275 1 120 000 Jinzhou
6%
Chine #267 1 150 000 Kaifeng
6%
Taïwan #96 2 775 000 Kaohsiung
6%
Indonésie #248 1 220 000 Karawang
6%
Iran #301 1 040 000 Kermanshah
6%
Japon #267 1 150 000 Kumamoto
6%
Chine #256 1 180 000 Lianyungang
6%
Chine #134 2 050 000 Liuzhou
6%
Inde #140 2 000 000 Ludhiana
6%
Chine #264 1 160 000 Luzhou
6%
Chine #252 1 210 000 Ma'anshan
6%
Chine #205 1 470 000 Maoming
6%
Chine #236 1 290 000 Mianyang
6%
Inde #234 1 300 000 Moradabad
6%
Chine #70 3 975 000 Nanchang
6%
Chine #134 2 050 000 Nantong
6%
Chine #234 1 300 000 Nanyang
6%
Inde #128 2 150 000 Nasik
6%
Indonésie #164 1 740 000 Palembang
6%
Chine #297 1 050 000 Panjin
6%
Indonésie #242 1 250 000 Pekanbaru
6%
Chine #218 1 410 000 Putian
6%
Chine #285 1 090 000 Qingyuan
6%
Chine #223 1 370 000 Qinhuangdao
6%
Chine #297 1 050 000 Qiqihar
6%
Inde #205 1 470 000 Ranchi
6%
Indonésie #260 1 170 000 Serang
6%
Chine #57 4 800 000 Shijiazhuang
6%
Japon #273 1 130 000 Shizuoka
6%
Inde #297 1 050 000 Siliguri
6%
Inde #282 1 100 000 Solapur
6%
Chine #288 1 080 000 Suqian
6%
Chine #202 1 490 000 Tai'an
6%
Chine #88 2 975 000 Tangshan
6%
Chine #285 1 090 000 Tengzhou
6%
Inde #247 1 230 000 Tiruchirappalli
6%
Inde #208 1 450 000 Tiruppur
6%
Inde #133 2 075 000 Vijayawada
6%
Inde #119 2 250 000 Vishakhapatnam
6%
Chine #260 1 170 000 Wanzhou
6%
Chine #134 2 050 000 Weifang
6%
Chine #248 1 220 000 Weihai
6%
Chine #192 1 530 000 Wuhu
6%
Chine #211 1 430 000 Xiangtan
6%
Chine #124 2 175 000 Xinxiang
6%
Chine #91 2 950 000 Xuzhou
6%
Chine #207 1 460 000 Yancheng
6%
Chine #119 2 250 000 Yantai
6%
Chine #204 1 480 000 Yinchuan
6%
Chine #304 1 030 000 Yingkou
6%
Chine #282 1 100 000 Zaozhuang
6%
Chine #192 1 530 000 Zhangjiakou
6%
Chine #227 1 340 000 Zhanjiang
6%
Chine #260 1 170 000 Zhenjiang
6%
Chine #157 1 800 000 Zhuhai
6%
Chine #224 1 360 000 Zhuzhou
6%
Inde #226 1 350 000 Bareli
0%
Inde #88 2 975 000 Bilhai
0%
Chine #255 1 200 000 Changde
0%
Chine #290 1 070 000 Changzhi
0%
Corée du Sud #315 1 000 000 Cheongju
0%
Chine #239 1 270 000 Fuyang
0%
Chine #166 1 720 000 Hengyang
0%
Inde #264 1 160 000 Hubli-Dharwar
0%
Chine #304 1 030 000 Jiangjin
0%
Chine #198 1 500 000 Jiaozuo
0%
Inde #216 1 420 000 Kota
0%
Inde #304 1 030 000 Kozhikode
0%
Chine #131 2 125 000 Linyi
0%
Chine #315 1 000 000 Lu'an
0%
Chine #103 2 650 000 Luoyang
0%
Chine #245 1 240 000 Nanchong
0%
Chine #301 1 040 000 Pingdingshan
0%
Chine #292 1 060 000 Pingxiang
0%
Inde #202 1 490 000 Prayagraj
0%
Chine #292 1 060 000 Puyang
0%
Inde #311 1 020 000 Saharanpur
0%
Russie #288 1 080 000 Saratov
0%
Chine #304 1 030 000 Shangqiu
0%
Chine #312 1 010 000 Shuyang
0%
Chine #147 1 940 000 Xiangyang
0%
Chine #184 1 580 000 Xingtai
0%
Chine #142 1 990 000 Yangzhou
0%
Chine #292 1 060 000 Yibin
0%
Chine #216 1 420 000 Yichang
0%
Chine #167 1 700 000 Yiwu
0%
Chine #260 1 170 000 Yueyang
0%
Chine #285 1 090 000 Zigong
0%
Chine #237 1 280 000 Zunyi
0%
Aucun quiz correspondant
Distribution des résultats
% des personnes avec chaque résultat
Percentile par nombre de réponses
Votre historique - résultats
Vous n’avez pas pris ce quiz